<?xml version="1.0" encoding="UTF-8"?><marc:collection xmlns:marc="http://www.loc.gov/MARC21/slim">
  <marc:record>
    <marc:leader>00000nam##2200000za#4500</marc:leader>
    <marc:controlfield tag="001">9.680010</marc:controlfield>
    <marc:controlfield tag="003">CaOODSP</marc:controlfield>
    <marc:controlfield tag="005">20241127112914</marc:controlfield>
    <marc:controlfield tag="007">ta</marc:controlfield>
    <marc:controlfield tag="008">150407|1997||||xxc|||||     f|0| 0 fre|d</marc:controlfield>
    <marc:datafield tag="020" ind1=" " ind2=" ">
      <marc:subfield code="a">0-662-81781-8</marc:subfield>
    </marc:datafield>
    <marc:datafield tag="040" ind1=" " ind2=" ">
      <marc:subfield code="a">CaOODSP</marc:subfield>
      <marc:subfield code="b">fre</marc:subfield>
    </marc:datafield>
    <marc:datafield tag="043" ind1=" " ind2=" ">
      <marc:subfield code="a">n-cn---</marc:subfield>
    </marc:datafield>
    <marc:datafield tag="086" ind1="1" ind2=" ">
      <marc:subfield code="a">En50-118/1997-1F</marc:subfield>
    </marc:datafield>
    <marc:datafield tag="110" ind1="1" ind2=" ">
      <marc:subfield code="a">Canada. </marc:subfield>
      <marc:subfield code="b">Service de l'environnement atmosphérique.</marc:subfield>
    </marc:datafield>
    <marc:datafield tag="245" ind1="1" ind2="0">
      <marc:subfield code="a">Étude d'impact sur le Bassin du Mackenzie : </marc:subfield>
      <marc:subfield code="b">résumé des résultats / </marc:subfield>
      <marc:subfield code="c">par Stewart J. Cohen et al. </marc:subfield>
    </marc:datafield>
    <marc:datafield tag="260" ind1=" " ind2=" ">
      <marc:subfield code="a">Ottawa - Ontario : </marc:subfield>
      <marc:subfield code="b">Environnement Canada. </marc:subfield>
      <marc:subfield code="c">1997.</marc:subfield>
    </marc:datafield>
    <marc:datafield tag="300" ind1=" " ind2=" ">
      <marc:subfield code="a">20p. : </marc:subfield>
      <marc:subfield code="b">figures, graphiques, tableaux ; </marc:subfield>
      <marc:subfield code="c">28 cm.</marc:subfield>
    </marc:datafield>
    <marc:datafield tag="500" ind1=" " ind2=" ">
      <marc:subfield code="a">«Le présent document est le rapport final de l'Étude d'impact sur le bassin du Mackenzie (ÉIBM), projet coopératif de recherche d'une durée de six ans, qui a été entrepris en 1990 avec l'appui du gouvernement canadien, du gouvernement des Territoires du Nord-Ouest, de B.C. Hydro, de l'université de Victoria, d'Esso Ressources Canada Ltée et d'autres organismes. L'étude avait pour objet d'examiner les effets d'un éventuel changement climatique sur le bassin du Mackenzie, ses terres, ses eaux et les collectivités qui en dépendent.».--Introduction.</marc:subfield>
    </marc:datafield>
    <marc:datafield tag="520" ind1="3" ind2=" ">
      <marc:subfield code="a">Le présent document est le rapport final de l'Étude d'impact sur le bassin du Mackenzie (ÉIBM), projet coopératif de recherche d'une durée de six ans, qui a été entrepris en 1990 avec l'appui du gouvernement canadien, du gouvernement des Territoires du Nord-Ouest, de B.C. Hydro, de l'université de Victoria, d'Esso Ressources Canada Ltée et d'autres organismes. L'étude avait pour objet d'examiner les effets d'un éventuel changement climatique sur le bassin du Mackenzie, ses terres, ses eaux et les collectivités qui en dépendent..--Introduction</marc:subfield>
    </marc:datafield>
    <marc:datafield tag="563" ind1=" " ind2=" ">
      <marc:subfield code="a">Couverture souple</marc:subfield>
    </marc:datafield>
    <marc:datafield tag="590" ind1=" " ind2=" ">
      <marc:subfield code="a">97-22</marc:subfield>
      <marc:subfield code="b">1997-05-30</marc:subfield>
    </marc:datafield>
    <marc:datafield tag="691" ind1="0" ind2="7">
      <marc:subfield code="a">Climat</marc:subfield>
      <marc:subfield code="2">gcpds</marc:subfield>
    </marc:datafield>
    <marc:datafield tag="720" ind1="1" ind2=" ">
      <marc:subfield code="a">Cohen, Stewart J.</marc:subfield>
    </marc:datafield>
    <marc:datafield tag="775" ind1="0" ind2="8">
      <marc:subfield code="t">Mackenzie Basin Impact Study: final report : </marc:subfield>
      <marc:subfield code="w">(CaOODSP)9.646462</marc:subfield>
    </marc:datafield>
    <marc:datafield tag="776" ind1="0" ind2="#">
      <marc:subfield code="t">Étude d'impact sur le Bassin du Mackenzie : </marc:subfield>
      <marc:subfield code="w">(CaOODSP)9.879615</marc:subfield>
    </marc:datafield>
  </marc:record>
</marc:collection>
